000 00211nam a2200109Ia 4500
100 _aDOLGUN ALEXANDER
942 _cBK
245 _aALEXANDER DOLGINS STORY
260 _b#N/A
546 _aENGLISH
999 _c33479
_d33479